00529nam a22001337a 4500082001400000100001600014245010700030260006900137300000700206650003500213942000900248952012100257999001700378 a226.3 LAL aLalnun Rema aUNDERSTANDING QURANIC CHRISTOLOGICAL TITLES THROUGH MARK'S CHRISTOLOGY: ITS RELEVANCE to INTERFAITH... aHenry Martyn Institute, HyyderabadbHenry Martyn Institutec2020 a83 aBible-Mark Bible-New Testament cTHES 001040708REFaHMIbHMIcREFd2020-10-18eLalnun Rema-studentl0o226.3 LALp11-4501r2021-10-18w2021-10-18yTHES c23163d23163